Normal view
MARC view
- Lamb, Alastair,
Entry Personal Name
001 - CONTROL NUMBER
- control field: 5526
003 - CONTROL NUMBER IDENTIFIER
- control field: NUST
005 - DATE AND TIME OF LATEST TRANSACTION
- control field: 20171019104040.0
008 - FIXED-LENGTH DATA ELEMENTS
- fixed length control field: 171019|| aca||aabn | a|a d
040 ## - CATALOGING SOURCE
- Original cataloging agency: NUST
- Transcribing agency: NUST
100 ## - HEADING--PERSONAL NAME
- Personal name: Lamb, Alastair,
- Dates associated with a name: 1930-
670 ## - SOURCE DATA FOUND
- Source citation: Work cat.: (NUST)0: Lamb, Alastair, 1930-, Incomplete partition :, 2002.
